|
|
|
|
| LEADER |
02369nam a2200577 i 4500 |
| 001 |
nkc20253706914 |
| 003 |
CZ PrNK |
| 005 |
20251003110705.0 |
| 007 |
ta |
| 008 |
250903s2025 xr a e c 000 0dcze |
| 020 |
|
|
|a 978-80-85015-89-8
|q (brožováno)
|
| 040 |
|
|
|a OLA001
|b cze
|d ABA001
|e rda
|
| 043 |
|
|
|a e-xr---
|
| 045 |
|
|
|a y-y-
|
| 072 |
|
7 |
|a 76
|x Grafické umění. Grafika
|2 Konspekt
|9 21
|
| 080 |
|
|
|a 76(437.3)
|2 MRF
|
| 080 |
|
|
|a 655.3
|2 MRF
|
| 080 |
|
|
|a 7.036/.038
|2 MRF
|
| 080 |
|
|
|a (437.3)
|2 MRF
|
| 080 |
|
|
|a (083.824)
|2 MRF
|
| 100 |
1 |
|
|a Makar Václavková, Kateřina,
|d 1981-
|7 jo2009207174
|4 art
|
| 245 |
1 |
0 |
|a Kateřina Makar Václavková :
|b semita ex umbris /
|c text Jan Buchta
|
| 246 |
1 |
4 |
|a Semita ex umbris
|
| 264 |
|
1 |
|a [Hodonín] :
|b Galerie výtvarného umění v Hodoníně,
|c [2025]
|
| 300 |
|
|
|a 31 nečíslovaných stran :
|b ilustrace (některé barevné) ;
|c 28 cm
|
| 336 |
|
|
|a text
|b txt
|2 rdacontent
|
| 336 |
|
|
|a statický obraz
|b sti
|2 rdacontent
|
| 337 |
|
|
|a bez média
|b n
|2 rdamedia
|
| 338 |
|
|
|a svazek
|b nc
|2 rdacarrier
|
| 500 |
|
|
|a Vydáno ke stejnojmenné výstavě konané v Galerii výtvarného umění v Hodoníně 13. srpna - 19. října 2025 (web)
|
| 500 |
|
|
|a Životopisná data, přehled výstav a zastoupení ve sbírkách
|
| 500 |
|
|
|a 150 výtisků
|
| 600 |
1 |
7 |
|a Makar Václavková, Kateřina,
|d 1981-
|7 jo2009207174
|2 czenas
|
| 648 |
|
7 |
|a 21. století
|7 ch460559
|2 czenas
|
| 650 |
0 |
7 |
|a česká grafika
|7 ph128116
|y 21. století
|2 czenas
|
| 650 |
0 |
7 |
|a tiskové techniky
|7 ph135608
|z Česko
|2 czenas
|
| 650 |
0 |
7 |
|a moderní umění
|7 ph115340
|z Česko
|2 czenas
|
| 650 |
0 |
9 |
|a Czech prints
|y 21st century
|2 eczenas
|
| 650 |
0 |
9 |
|a printing methods
|z Czechia
|2 eczenas
|
| 650 |
0 |
9 |
|a modern art
|z Czechia
|2 eczenas
|
| 655 |
|
7 |
|a katalogy výstav
|7 fd132536
|2 czenas
|
| 655 |
|
9 |
|a exhibition catalogs
|2 eczenas
|
| 700 |
1 |
|
|a Buchta, Jan,
|d 1977-
|7 ola2002153630
|4 aut
|
| 710 |
2 |
|
|a Galerie výtvarného umění (Hodonín, Česko)
|7 kn20020418029
|4 orm
|4 isb
|
| 910 |
2 |
|
|a BOA001
|b 3-1549.359
|
| 928 |
9 |
|
|a Galerie výtvarného umění v Hodoníně
|
| 990 |
|
|
|a BK
|
| 995 |
|
|
|a 11
|
| 991 |
|
|
|b 202509
|c NOV
|
| 996 |
6 |
|
|b 2611011748
|c 3-1549.359
|l MZK
|r Sklad / do 1 hodiny
|n 0
|p p.v.
|w 002017302
|u 000010
|a 1
|e BOA001
|j MZK50
|s P
|
| 996 |
7 |
|
|b 2611011749
|c 3-1549.359
|l MZK
|r Sklad / do 1 hodiny
|n 0
|p p.v.
|w 002017302
|u 000020
|a 1
|e BOA001
|j MZK50
|s A
|